Risk and resilience in U.S. military families /

Bibliographic Details
Corporate Author: SpringerLink (Online service)
Other Authors: MacDermid, Shelley, 1959-, Riggs, David
Format: eBook
Language:English
Published: New York : Springer Science+Business Media, LLC, 2011.
Subjects:
Online Access:Connect to the full text of this electronic book

MARC

Tag First Indicator Second Indicator Subfields
LEADER 00000cam a2200000Ia 4500
001 in00002682913
005 20210727155523.0
006 m d
007 cr cn|
008 101230s2011 nyua ob 001 0 eng d
019 |a 694146560 
020 |a 1441970649 (electronic bk.) 
020 |a 9781441970640 (electronic bk.) 
020 |z 9781441970633 (hardcover : alk. paper) 
035 |a (OCoLC)694575826  |z (OCoLC)694146560 
035 |a (OCoLC)ocn694575826 
035 |a 3850322 
037 |a 978-1-4419-7063-3  |b Springer  |n http://www.springerlink.com 
040 |a GW5XE  |b eng  |c GW5XE  |d E7B  |d UtOrBLW 
043 |a n-us--- 
049 |a TXAC 
050 4 |a UB403  |b .R57 2011 
082 0 4 |a 355.1/20973  |2 22 
245 0 0 |a Risk and resilience in U.S. military families /  |c Shelley MacDermid Wadsworth, David Riggs (editors). 
246 3 |a Risk and resilience in United States military families 
264 1 |a New York :  |b Springer Science+Business Media, LLC,  |c 2011. 
300 |a 1 online resource. 
336 |a text  |b txt  |2 rdacontent 
337 |a computer  |b c  |2 rdamedia 
338 |a online resource  |b cr  |2 rdacarrier 
500 |a Electronic resource. 
504 |a Includes bibliographical references and index. 
505 0 |a pt. 1. Marital functioning -- pt. 2. Parenting and child outcomes -- pt. 3. Family sequelae of wounds and injuries -- pt. 4. Single service members. 
650 0 |a Military dependents  |x Psychology  |z United States. 
655 4 |a Electronic books. 
655 7 |a Electronic books.  |2 local 
700 1 |a MacDermid, Shelley,  |d 1959-  |0 http://id.loc.gov/authorities/names/n96091083 
700 1 |a Riggs, David.  |0 http://id.loc.gov/authorities/names/n87888491 
710 2 |a SpringerLink (Online service)  |0 http://id.loc.gov/authorities/names/no2005046756 
776 0 8 |i Print version:  |a Wadsworth, Shelley MacDermid.  |t Risk and resilience in U.S. military families.  |d New York : Springer, 2011  |w (DLC) 2010937650 
856 4 0 |u http://proxy.library.tamu.edu/login?url=https://dx.doi.org/10.1007/978-1-4419-7064-0  |z Connect to the full text of this electronic book  |t 0 
994 |a 92  |b TXA 
999 |a MARS 
999 f f |s dcc9b31e-a5cb-3060-b3fb-365e3e44a10d  |i b684e29e-08e7-3fd4-b87a-761c89ab9fe1  |t 0 
952 f f |a Texas A&M University  |b College Station  |c Electronic Resources  |d Available Online  |t 0  |e UB403 .R57 2011  |h Library of Congress classification 
998 f f |a UB403 .R57 2011  |t 0  |l Available Online